00325nam a2200109Ia 4500008004100000082001800041100002200059245005100081260003300132630001800165650003200183211109s9999||||xx |||||||||||||| ||und|| a820.9 bPRA-B aPrasad, Birjadish 0aBack Ground To The Study Of English Literature bMacmillan and Co LtdaMadras xGENERAL STACK aEnglish LiteraturevEnglish